Catálogo
 En Linea

Fundamentos del diseño / (Registro nro. 40158)

Detalles MARC
000 -CABECERA
campo de control de longitud fija 00527nam a2200181 a 4500
001 - NÚMERO DE CONTROL
campo de control 000040668
005 - FECHA Y HORA DE LA ÚLTIMA TRANSACCIÓN
campo de control 20201002034306.0
008 - DATOS DE LONGITUD FIJA--INFORMACIÓN GENERAL
campo de control de longitud fija 130905s2002 sp a 000 0 spa d
020 ## - NÚMERO INTERNACIONAL ESTÁNDAR DEL LIBRO
Número Internacional Estándar del Libro 8425216435
040 ## - FUENTE DE LA CATALOGACIÓN
Centro catalogador/agencia de origen DO-SdBNP
Lengua de catalogación spa
Centro/agencia transcriptor BNPHU
100 1# - ENTRADA PRINCIPAL--NOMBRE DE PERSONA
Nombre de persona Wong, Wucius
9 (RLIN) 67034
240 10 - TÍTULO UNIFORME
Título uniforme Principles of form desing
Lenguaje de la obra Español
245 10 - MENCIÓN DE TÍTULO
Título Fundamentos del diseño /
Mención de responsabilidad, etc. Wucius Wong.
250 ## - MENCIÓN DE EDICIÓN
Mención de edición 5a ed.
260 ## - PUBLICACIÓN, DISTRIBUCIÓN, ETC.
Lugar de publicación, distribución, etc. Barcelona :
Nombre del editor, distribuidor, etc. Gustavo Gilli,
Fecha de publicación, distribución, etc. 2002.
300 ## - DESCRIPCIÓN FÍSICA
Extensión 348 p. :
Otras características físicas ils. ;
Dimensiones 25 cm.
500 ## - NOTA GENERAL
Nota general Traducido del idioma inglés
Existencias
Estado de retiro Estado de pérdida Restricciones de uso No para préstamo Código de colección Localización permanente Ubicación/localización actual Ubicación en estantería Fecha de adquisición Número de inventario Total de préstamos Signatura topográfica completa Código de barras Fecha visto por última vez Precio válido a partir de Tipo de ítem Koha
        Monografías: Libros y Folletos General General En catalogación 05.09.2013 LF1   40668-10 25.06.2020 25.06.2020 Préstamo en sala

Con tecnología Koha